000 00856nam a2200217Ia 4500
999 _c53665
_d53665
001 20712
003 GE_BSU
005 20210306235312.0
008 181216s2017||||ge |||||||||||||| ||geo||
040 _cGE_BSU
041 _ageo
080 _a57.004 მ-66
245 _aმიკროსკოპის მზა სლაიდები ბიოლოგიაში = 100E Basic Biology Prepared Slide Set for Student and Homeschool Use, Set of 100 Prepared Glass Slides.
264 _c2017.
300 _aსლაიდები
541 _h210ლ.
653 _a100E Basic Biology Prepared Slide Set for Student and Homeschool Use, Set of 100 Prepared Glass Slides
653 _aმიკროსკოპის მზა სლაიდები ბიოლოგიაში
653 _aსლაიდები
942 _cCF
_2udc